| 000 | 00669cab a2200241 4500 | ||
|---|---|---|---|
| 001 | WB3409-26 | ||
| 008 | 090401t1998 xxu||||| |||| 00| 0 eng d | ||
| 035 | _a(Sirsi) u84677 | ||
| 041 | _aeng | ||
| 245 | _aRich living, poor neighbours | ||
| 260 | _c1998 | ||
| 350 | _a0 | ||
| 490 |
_aSunday Business _v1 March 1998, 29(1) |
||
| 520 | _aDOE Circular 13/96 is forcing private developers to contribute more to social housing. | ||
| 650 | _aCIRCULAR 13/96 | ||
| 650 | _aHOUSE BUILDING | ||
| 650 | _aHOUSING DEVELOPERS | ||
| 650 | _aPRIVATE HOUSING SECTOR | ||
| 650 | _aSOCIAL HOUSING | ||
| 690 | _aHOUSING-DEVELOPMENT | ||
| 942 | _n0 | ||
| 948 | _c04/03/1998 | ||
| 999 |
_c53243 _d53243 |
||